<?xml version="1.0" encoding="UTF-8"?><?xml-stylesheet type="text/xsl" href="static/style.xsl"?><OAI-PMH xmlns="http://www.openarchives.org/OAI/2.0/" xmlns:xsi="http://www.w3.org/2001/XMLSchema-instance" xsi:schemaLocation="http://www.openarchives.org/OAI/2.0/ http://www.openarchives.org/OAI/2.0/OAI-PMH.xsd"><responseDate>2026-04-13T04:00:12Z</responseDate><request verb="GetRecord" identifier="oai:www.recercat.cat:2445/111244" metadataPrefix="marc">https://recercat.cat/oai/request</request><GetRecord><record><header><identifier>oai:recercat.cat:2445/111244</identifier><datestamp>2025-12-04T21:15:43Z</datestamp><setSpec>com_2072_1057</setSpec><setSpec>col_2072_478781</setSpec><setSpec>col_2072_478917</setSpec></header><metadata><record xmlns="http://www.loc.gov/MARC21/slim" xmlns:dcterms="http://purl.org/dc/terms/" xmlns:xsi="http://www.w3.org/2001/XMLSchema-instance" xmlns:doc="http://www.lyncode.com/xoai" xsi:schemaLocation="http://www.loc.gov/MARC21/slim http://www.loc.gov/standards/marcxml/schema/MARC21slim.xsd">
   <leader>00925njm 22002777a 4500</leader>
   <datafield ind2=" " ind1=" " tag="042">
      <subfield code="a">dc</subfield>
   </datafield>
   <datafield ind2=" " ind1=" " tag="720">
      <subfield code="a">Baena Fustegueras, Juan Antonio</subfield>
      <subfield code="e">author</subfield>
   </datafield>
   <datafield ind2=" " ind1=" " tag="720">
      <subfield code="a">Ferrer, Roser</subfield>
      <subfield code="e">author</subfield>
   </datafield>
   <datafield ind2=" " ind1=" " tag="720">
      <subfield code="a">Lecube, Albert</subfield>
      <subfield code="e">author</subfield>
   </datafield>
   <datafield ind2=" " ind1=" " tag="720">
      <subfield code="a">Ricart i Jané, David</subfield>
      <subfield code="e">author</subfield>
   </datafield>
   <datafield ind2=" " ind1=" " tag="720">
      <subfield code="a">Rossell Rusiñol, Joana</subfield>
      <subfield code="e">author</subfield>
   </datafield>
   <datafield ind2=" " ind1=" " tag="720">
      <subfield code="a">Peinado Onsurbe, Julia</subfield>
      <subfield code="e">author</subfield>
   </datafield>
   <datafield ind2=" " ind1=" " tag="260">
      <subfield code="c">2017-05-18T14:30:38Z</subfield>
   </datafield>
   <datafield ind2=" " ind1=" " tag="260">
      <subfield code="c">2017-05-18T14:30:38Z</subfield>
   </datafield>
   <datafield ind2=" " ind1=" " tag="260">
      <subfield code="c">2017-02-16</subfield>
   </datafield>
   <datafield ind2=" " ind1=" " tag="260">
      <subfield code="c">2017-05-18T14:30:38Z</subfield>
   </datafield>
   <datafield ind2=" " ind1=" " tag="520">
      <subfield code="a">Background: The impact of bariatric surgery on abnormalities in blood lipids and lipoprotein metabolism during the perioperative period has been poorly studied. Objective: We studied the impact of bariatric surgery on the composition and quantitative properties of lipoproteins and the activity of lipases in the plasma of perioperative morbidly obese patients. Methods: We examined the plasma lipoproteins and lipolytic activities of 34 morbidly obesepatients one month before surgery (OB), pre-anaesthesia (-S), post-anaesthesia ( S), and one day and one month after open Roux-en-Y gastric bypass (RYGB) surgery. Results: Surgical injury induced acute stress, as evidenced by transitory hyperglycaemia and elevated plasma levels of stress hormones. Lipid profiles revealed a significant reduction during surgery and the day after in the plasma levels of total cholesterol (p &lt; 0.0001), which was mainly due to a decrease in low-density lipoprotein cholesterol (cLDL) and was confirmed with a significant reduction in the plasma levels of LDL (approximately 26% reduction). Significant (p &lt; 0.0001) changes were detected in the plasma levels of high-density lipoprotein cholesterol (cHDL) as well as a significant decrease (approximately 19% reduction) in the plasma levels of HDL. A significant (p &lt; 0.0001) rise was noted in the plasma levels of both Lipoprotein Lipase (LPL) (approximately 2.6-fold increase) and hepatic lipase (HL) (approximately 2.2-fold increase) on the day after surgery, occurring simultaneously with the maximum increase in C-reactive protein (CRP) and a day after the peak values for non-esterified fatty acid (NEFA), adrenocorticotropin hormone (ACTH), cortisol and glucose. Conclusion: The present study reveals unreported quantitative perioperative changes in plasma lipases and lipoproteins and related metabolic determinants that may contribute to the adaptive metabolic response to RYGB-induced stress.</subfield>
   </datafield>
   <datafield tag="653" ind2=" " ind1=" ">
      <subfield code="a">Obesitat mòrbida</subfield>
   </datafield>
   <datafield tag="653" ind2=" " ind1=" ">
      <subfield code="a">Lipoproteïnes</subfield>
   </datafield>
   <datafield tag="653" ind2=" " ind1=" ">
      <subfield code="a">Lipases</subfield>
   </datafield>
   <datafield tag="653" ind2=" " ind1=" ">
      <subfield code="a">Morbid obesity</subfield>
   </datafield>
   <datafield tag="653" ind2=" " ind1=" ">
      <subfield code="a">Lipoproteins</subfield>
   </datafield>
   <datafield tag="653" ind2=" " ind1=" ">
      <subfield code="a">Lipase</subfield>
   </datafield>
   <datafield ind2="0" ind1="0" tag="245">
      <subfield code="a">Rapid perioperative changes in the quantitative properties of plasma lipases and lipoproteins in morbidly obese surgical patients'</subfield>
   </datafield>
</record></metadata></record></GetRecord></OAI-PMH>